2-Knots and their groups

Αποθηκεύτηκε σε:
Λεπτομέρειες βιβλιογραφικής εγγραφής
Κύριος συγγραφέας: Hillman, Jonathan A. (Jonathan Arthur) 1947-
Μορφή: Βιβλίο
Γλώσσα:English
Δημοσίευση: Cambridge : Cambridge University Press, 1989
Σειρά:Australian Mathematical Society lecture series ; ; 5
Θέματα:
Ετικέτες: Προσθήκη ετικέτας
Δεν υπάρχουν, Καταχωρήστε ετικέτα πρώτοι!

MARC

LEADER 00000nam a2200000 i 4500
001 1/74741
008 990430s1989 eng d
020 |a 0-521-37812-5 
035 |l 10049155 
040 |a GR-MY-UA  |b gre  |e aacr 
041 0 |a eng 
082 0 |a 514.224 
100 1 |a Hillman, Jonathan A. (Jonathan Arthur)  |d 1947- 
245 1 0 |a 2-Knots and their groups /  |c Jonathan Hillman 
246 3 3 |a Two-Knots and their groups 
260 |a Cambridge :   |b Cambridge University Press,   |c 1989 
300 |a x, 164 p.;  |b ill.;  |c 23 cm. 
490 1 |a Australian Mathematical Society lecture series  |v ; 5 
500 |a Includes bibliographical references and index 
650 0 0 |a Knot theory. 
830 0 |a Australian Mathematical Society lecture series ;  |v ; 5 
852 |a INST  |b SAMOS  |e 19990430  |h 514.224 HIL  |p 005300012731  |q 005300012731  |t BK  |y 0 
901 |a BIBL-1999-1 
909 |a Σ  |b 063755 
922 |a 3ΕΛΗ  |b 199901  |c ΚΠΣ  |d GLORY